Nové Slovensko nezávislý politický týždenník na slovenskom západe

Orgán Československej národnodemokratickej strany, regionálneho charakteru. Uverejňoval aj romány na pokračovanie: Urbánek, Ferko: Báj ružosadu; od 20/II (11. jan.1025) Sládkovičov, Martin: Richtárov zaťko; od 29/II (19. júla 1925) Dúbravský, Ferdinand: Lakomstvo a láska; od 41/II (11. okt. 1925) Ak...

Full description

Bibliographic Details
Other Authors: Holoubek, Václav (Publishing director)
Format: Journal
Language:Slovak
PhysicalDescription:15 zv. 43 x 30 cm
Published: Trnava Vydavateľské družstvo 1923-1938
Subjects:

MARC

LEADER 00000cas a2200000 a 4500
001 vtls010298292
003 SK-MaSNL
005 20260425194244.0
008 110809d19231938xo wr|p r 0 b0slo
040 |a SNK  |b slo  |c SNK  |e AACR2 
041 0 |a slo 
043 |a e-xo--- 
044 |a xo  |c SK 
072 7 |a 32  |x Politika  |2 konspekt 
072 7 |a 316  |x Sociológia  |2 konspekt 
080 |a 32  |2 2011 
080 |a 316.728  |2 2011 
080 |a 314/316(051)  |2 2011 
080 |a (051)+(054)(437.6)  |2 2011 
080 |a 050  |2 2011 
080 |a (437.611)  |2 2011 
245 0 0 |a Nové Slovensko  |b nezávislý politický týždenník na slovenskom západe 
260 |a Trnava  |b Vydavateľské družstvo  |c 1923-1938  |f Kníhtlačiareň Fr. Urbánek a spol. 
300 |a 15 zv.  |c 43 x 30 cm 
310 |a 1x týždenne 
362 0 |a Roč. I, č. 1 (30.12.1923)-roč. XV, č. 42 (október 1938) 
500 |a Zodp. red. Václav Holoubek 
500 |a Tlač. Kníhtlačiareň Fr. Urbánek a spol. 
520 |a Orgán Československej národnodemokratickej strany, regionálneho charakteru. Uverejňoval aj romány na pokračovanie: Urbánek, Ferko: Báj ružosadu; od 20/II (11. jan.1025) Sládkovičov, Martin: Richtárov zaťko; od 29/II (19. júla 1925) Dúbravský, Ferdinand: Lakomstvo a láska; od 41/II (11. okt. 1925) Aksakov, S. T.: Mladý manželia v Bugrove; od 10/III (7. marca 1926) Dúbravský, Ferdinand: Bosáčka; od 33/III (19. sept. 1926) Nieritz, Gustáv: Červené pančušky; od 21/IV (21. mája 1927) Pittnerová, Vlasta: Sestrin hriech; od 1/V (1. jan. 1928) Němcová, Božena; V zámku a podzámčí; od 31/V (7. júla 1928) J. V. z Finberka: Hrbatý Jožko; od 4/VI (19. jan. 1929) Gajdoš, Ivo: Rodné lánce a iná drobná próza; od 39/VI (27. sept, 1929) Mach, Jan: Dobrodružstvo v cudzineckej légii; od 10/VII (1. marca 1930) Žemla, Štefan: Anjelíček a iné poviedky; od 32/VII (9 aug. 1930) Urbánek, Ferko: Posledná ruža; od 1/VIII (1. jan. 1931) Urbánek Ferko: V zakliatom zámku; od 22/VIII (30. mája 1931) Bouška, Bohumil: Lakomcov testament; od 6/IX (6. febr. 1932) Legény, Jozef: Skúška vernosti 
650 0 7 |a politika  |2 SNKPH  |9 968 
650 0 7 |a spoločenský život  |2 SNKPH  |9 28654 
651 7 |a Bratislava (Slovensko)  |2 SNKPHgeo  |9 14568 
655 7 |a spoločenské časopisy  |2 SNKPH  |9 70515 
655 7 |a regionálne periodiká  |2 SNKPH  |9 131775 
700 1 |a Holoubek, Václav  |4 pbd  |9 272530 
710 2 |a Vydavateľské družstvo (Trnava)  |4 pbl  |9 272531 
710 2 |a Kníhtlač Fr. Urbánek a spol. (Trnava, Slovensko)  |4 pbl  |9 269468 
910 |a snk 
999 |c 8571  |d 10501 
952 |t č. 1-50  |a SNK  |b SNK  |y PREZ  |7 0  |p 17A0056263  |o snkČSA 69/11/1934  |0 0  |1 0  |4 0  |d 1997-03-19  |l 0  |r 2005-01-02 00:00:00  |w 2026-02-21 
952 |t č. 1-52  |a SNK  |b SNK  |y PREZ  |7 0  |p 17A0223776  |o snkČSA 69/2/1925  |0 0  |1 0  |4 0  |d 2000-01-19  |l 0  |r 2005-01-02 00:00:00  |w 2026-02-21 
952 |t č. 1-52  |a SNK  |b SNK  |y PREZ  |7 0  |p 17A0065489  |o snkČSA 69/3/1926  |0 0  |1 0  |4 0  |d 1997-05-05  |l 0  |r 2005-01-02 00:00:00  |w 2026-02-21 
952 |t č. 1-53  |a SNK  |b SNK  |y PREZ  |7 0  |p 17A0065488  |o snkČSA 69/1/1923-1924  |0 0  |1 0  |4 0  |d 1997-05-05  |l 0  |r 2005-01-02 00:00:00  |w 2026-02-21 
952 |t č. 1-52  |a SNK  |b SNK  |y PREZ  |7 0  |p 17A0136329  |o snkČSA 69/4/1927  |0 0  |1 0  |4 0  |d 1998-04-29  |l 0  |r 2005-01-02 00:00:00  |w 2026-02-21 
952 |t č. 1-49  |a SNK  |b SNK  |y PREZ  |7 0  |p 17A0306143  |o snkČSA 69/12/1934-1935  |0 0  |1 0  |4 0  |d 2001-07-04  |l 0  |r 2005-01-02 00:00:00  |w 2026-02-21 
952 |t č. 1-50  |a SNK  |b SNK  |y PREZ  |7 0  |p 17A0306159  |o snkČSA 69/13/1936  |0 0  |1 0  |4 0  |d 2001-07-04  |l 0  |r 2005-01-02 00:00:00  |w 2026-02-21 
952 |t č. 1-52  |a SNK  |b SNK  |y PREZ  |7 0  |p 17A0156137  |o snkČSA 69/5/1928  |0 0  |1 0  |4 0  |d 1998-08-13  |l 0  |r 2005-01-02 00:00:00  |w 2026-02-21 
952 |t č. 1-51  |a SNK  |b SNK  |y PREZ  |7 0  |p 17A0157311  |o snkČSA 69/14/1937  |i snk 1743/43  |0 0  |1 0  |4 0  |d 1998-08-28  |l 0  |r 2005-01-02 00:00:00  |w 2026-02-21 
952 |t č. 1-42  |a SNK  |b SNK  |y PREZ  |7 0  |p 17A0323621  |o snkČSA 69/15/1938  |0 0  |1 0  |4 0  |d 2001-12-06  |l 0  |r 2005-01-02 00:00:00  |w 2026-02-21 
952 |t č. 1-51  |a SNK  |b SNK  |y PREZ  |7 0  |p 17A0323622  |o snkČSA 69/9/1932  |0 0  |1 0  |4 0  |d 2001-12-06  |l 0  |r 2005-01-02 00:00:00  |w 2026-02-21 
952 |t č. 1-50  |a SNK  |b SNK  |y PREZ  |7 0  |p 17A0323666  |o snkČSA 69/10/1933  |0 0  |1 0  |4 0  |d 2001-12-06  |l 0  |r 2005-01-02 00:00:00  |w 2026-02-21 
952 |t č. 1-52  |a SNK  |b SNK  |y PREZ  |7 0  |p 17A1096282  |o snkČSA 69/4/1927 D1  |i snkK 906/89  |8 3  |z číslo 1 a 2 - neúplné  |0 0  |1 0  |4 0  |d 2019-02-02  |l 0  |r 2026-02-21 22:27:47  |w 2026-02-21